000 00620pam a2200229 a 4500
001 1372802
005 20180117040841.0
008 810617s1981 nyu b 000 0 eng
010 _a 81081694
020 _a085345583X
_z084345583X :
_c$12.00
020 _a0853455848 (pbk.)
_z0843455848
040 _aDLC
_cDLC
_dDLC
041 _aeng
080 _a335.4 SWE
082 0 0 _a335.4 SWE
_219
100 1 _a52
101 _aEKO
245 1 0 _aFour lectures on Marxism /
_cPaul M. Sweezy.
504 _aIncludes bibliographical references.
906 _a7
_bcbc
_corignew
_d1
_eopcn
_f19
_gy-gencatlg
942 _2ddc
_cBK
999 _c40419
_d40419